World Economic Outlook (Record no. 6238)

MARC details
000 -LEADER
fixed length control field 00703nam a22002297i 4500
001 - CONTROL NUMBER
control field 7313
003 - CONTROL NUMBER IDENTIFIER
control field OSt
005 - DATE AND TIME OF LATEST TRANSACTION
control field 20170825133349.0
007 - PHYSICAL DESCRIPTION FIXED FIELD--GENERAL INFORMATION
fixed length control field tu
008 - FIXED-LENGTH DATA ELEMENTS--GENERAL INFORMATION
fixed length control field 161220s2005 xxu|||||||||||00||0|eng|d
020 ## - INTERNATIONAL STANDARD BOOK NUMBER
International Standard Book Number 1-58906-429-1
024 7# - OTHER STANDARD IDENTIFIER
Standard number or code 7313
Source of number or code RID
024 7# - OTHER STANDARD IDENTIFIER
Standard number or code 7313
Source of number or code RSN (alt)
040 ## - CATALOGING SOURCE
Transcribing agency OSt
110 2# - MAIN ENTRY--CORPORATE NAME
Corporate name or jurisdiction name as entry element International Monetary Fund (IMF)
245 00 - TITLE STATEMENT
Title World Economic Outlook
Remainder of title Globalization and External Imbalances
260 ## - PUBLICATION, DISTRIBUTION, ETC.
Place of publication, distribution, etc. Washington,
Date of publication, distribution, etc. 2005.
300 ## - PHYSICAL DESCRIPTION
Extent 288 S. ;
Dimensions 30cm.
490 ## - SERIES STATEMENT
Series statement World Economic Outlook
Volume/sequential designation April 2005
942 ## - ADDED ENTRY ELEMENTS (KOHA)
Koha item type Book
Holdings
Withdrawn status Lost status Damaged status Not for loan Home library Current library Shelving location Date acquired Inventory number Total Checkouts Full call number Barcode Date last seen Price effective from Koha item type
        WIIW WIIW Library 05/23/2005 7313   3.440/2005-April 10002936 01/26/2017 01/26/2017 Book
The Vienna Instiute for International Economic Studies (wiiw)